000 00546 a2200169 4500
999 _c4026
_d4026
020 _a9781441197559
050 _aLB 2331 ASH 2015
100 _aAshwin, Paul
_eAuthor
245 _aReflective teaching:
_bin higher learning /
_cPaul Ashwin [...etal]
264 _aUnited States of America:
_bBloomsbury Publishing,
_c2015
300 _axiv, 416p. :
_bill.
440 _aRefletive teaching series
500 _aIncludes index
650 _aCollege teaching
_xReflective teaching
700 _aPaul Ashwin [...etal]
942 _2lcc
_cBK
_h2331
_iASH
_kLB